Upside-Down South America Quiz Stats

 Plays Quiz Updated Apr 16, 2016

Challenge
Share
Tweet
Score 0/12 Timer 01:00
2 Plays Today
% Correct
Brazil
96.6%
Argentina
94.1%
Chile
93.5%
Peru
85.4%
Colombia
83.8%
Bolivia
83.3%
Paraguay
83%
Venezuela
82%
Ecuador
81.8%
Uruguay
80.8%
Suriname
80.4%
Guyana
75.7%

You're not logged in!

Compare scores with friends on all Sporcle quizzes.
OR
Log In

You Might Also Like...

Show Comments

Extras

Top Quizzes Today


Score Distribution

Your Account Isn't Verified!

In order to create a playlist on Sporcle, you need to verify the email address you used during registration. Go to your Sporcle Settings to finish the process.

Report this User

Report this user for behavior that violates our Community Guidelines.

Details: